[Event "World Blitz Championship"]
[Site "Riyadh KSA"]
[Date "2017.12.29"]
[EventDate "2017.12.29"]
[Round "7.24"]
[Result "1/2-1/2"]
[White "Jan-Krzysztof Duda"]
[Black "Kiril Dimitrov Georgiev"]
[WhiteElo "2717"]
[BlackElo "2623"]
[PlyCount "181"]

1. Nf3 Nf6 2. g3 b5 3. Na3 a6 4. b3 e6 5. c4 bxc4 6. bxc4 c5
7. Bg2 Bb7 8. Rb1 Bc6 9. O-O Be7 10. d3 O-O 11. Nc2 d6 12. e4
Nbd7 13. Qe2 Qc7 14. Bd2 Rfb8 15. Bc3 Rxb1 16. Rxb1 Rb8
17. Rc1 Ne8 18. Qe1 Bf6 19. Ba5 Qc8 20. Ne3 Ne5 21. Nxe5 Bxe5
22. f4 Bd4 23. Bc3 Bxc3 24. Qxc3 Qc7 25. Bf3 Nf6 26. Kf2 Nd7
27. h4 Qb6 28. Bd1 Qb2+ 29. Rc2 Qb6 30. Rd2 Nf6 31. Bf3 Nd7
32. g4 Qb4 33. Qxb4 Rxb4 34. Bd1 Kf8 35. g5 Ke7 36. Bb3 a5
37. Nd1 Ba4 38. Bxa4 Rxa4 39. Rb2 Rb4 40. Rb3 Nb6 41. Nc3 h6
42. Ke3 hxg5 43. hxg5 g6 44. Kd2 a4 45. Rxb4 cxb4 46. Nb5 Kd7
47. e5 dxe5 48. fxe5 Nc8 49. d4 Ne7 50. Kd3 Nc6 51. c5 Na5
52. Nd6 Ke7 53. Nc8+ Kd8 54. Nb6 a3 55. Nc4 Nc6 56. Nd2 Na5
57. Kc2 Kd7 58. Nb3 Nc4 59. Kd3 Nb2+ 60. Kc2 Na4 61. Na5 Nc3
62. Kb3 Ne2 63. Kxb4 Nxd4 64. Kxa3 Nf3 65. Nc4 Nxg5 66. Kb4
Ne4 67. Kb5 Kc7 68. Nd6 Nc3+ 69. Kc4 Nxa2 70. Nxf7 Nc1 71. Ng5
Kd7 72. Kb5 Nd3 73. c6+ Kc8 74. Nf7 Kc7 75. Kc4 Nb2+ 76. Kc5
Nd3+ 77. Kd4 Nb2 78. Ng5 Kxc6 79. Nxe6 Na4 80. Nf8 g5 81. Ke4
Nc5+ 82. Kf5 Kd5 83. Ng6 Kd4 84. Kxg5 Kd5 85. Kf5 Kc6 86. Nf4
Kd7 87. Kf6 Ke8 88. Kf5 Nd7 89. e6 Nc5 90. Nd5 Nxe6 91. Kxe6
1/2-1/2

[Event "World Blitz Championship"]
[Site "Riyadh KSA"]
[Date "2017.12.29"]
[EventDate "2017.12.29"]
[Round "8.28"]
[Result "1-0"]
[White "Vladimir Fedoseev"]
[Black "Jan-Krzysztof Duda"]
[WhiteElo "2718"]
[BlackElo "2717"]
[PlyCount "73"]

1. Nf3 Nf6 2. g3 g6 3. c4 Bg7 4. Bg2 O-O 5. Nc3 c5 6. d4 cxd4
7. Nxd4 Nc6 8. O-O Qa5 9. e3 d6 10. Bd2 Bd7 11. b3 Rfc8 12. h3
a6 13. Qe2 Qd8 14. Rac1 Rab8 15. Rfe1 e6 16. Rcd1 Nxd4
17. exd4 Bc6 18. Bxc6 bxc6 19. c5 dxc5 20. dxc5 Nd5 21. Qxa6
Ra8 22. Qe2 Qf8 23. Na4 h5 24. h4 Rcb8 25. Qc4 Rb5 26. Be3 Bf6
27. Nb6 Rxa2 28. Nxd5 exd5 29. Rxd5 Rb8 30. Rd6 Bg7 31. Rxg6
Re8 32. Rxc6 Rb2 33. Rd6 Qe7 34. Rd2 Qe6 35. Qxe6 Rxe6
36. Rxb2 Bxb2 37. Rb1 1-0

[Event "World Blitz Championship"]
[Site "Riyadh KSA"]
[Date "2017.12.29"]
[EventDate "2017.12.29"]
[Round "9.35"]
[Result "1/2-1/2"]
[White "Jan-Krzysztof Duda"]
[Black "Arkadij Naiditsch"]
[WhiteElo "2717"]
[BlackElo "2705"]
[PlyCount "136"]

1. Nf3 d5 2. g3 Nf6 3. Bg2 Bf5 4. d3 e6 5. c4 c6 6. cxd5 exd5
7. O-O Be7 8. Qc2 O-O 9. Nc3 Na6 10. a3 d4 11. Nb1 c5 12. Bg5
h6 13. Bxf6 Bxf6 14. Nbd2 Rc8 15. Rfe1 Qd7 16. Rac1 c4
17. Nxc4 b5 18. Nce5 Bxe5 19. Nxe5 Rxc2 20. Nxd7 Rxc1 21. Rxc1
Bxd7 22. Bb7 Nb8 23. Rc7 a5 24. e4 dxe3 25. fxe3 Rd8 26. d4 f5
27. Kf2 Kf8 28. h4 Ke7 29. Rc5 Kd6 30. g4 fxg4 31. e4 Bc6
32. e5+ Kd7 33. Bxc6+ Nxc6 34. Ke3 g3 35. Ke4 Rf8 36. Rc3 g2
37. Rg3 Rf2 38. Rxg7+ Ne7 39. b4 axb4 40. axb4 Ke6 41. h5 Rb2
42. d5+ Nxd5 43. Rg6+ Kf7 44. Kxd5 Re2 45. e6+ Ke7 46. Rg7+
Kf6 47. Rg6+ Kf5 48. Kc5 Re5+ 49. Kd4 Re4+ 50. Kd5 Rg4
51. Rxg4 Kxg4 52. e7 g1=Q 53. e8=Q Qc1 54. Qg6+ Kh4 55. Kd6
Qf4+ 56. Kc6 Qxb4 57. Qxh6 Qc4+ 58. Kd6 b4 59. Qh7 b3 60. h6
Qc2 61. Qe7+ Kg4 62. h7 Qd3+ 63. Kc7 Qc3+ 64. Kd7 b2 65. Qe6+
Kf4 66. Qh6+ Kf3 67. h8=Q Qxh8 68. Qxh8 b1=Q 1/2-1/2

[Event "World Blitz Championship"]
[Site "Riyadh KSA"]
[Date "2017.12.29"]
[EventDate "2017.12.29"]
[Round "10.34"]
[Result "1/2-1/2"]
[White "Yuri Aleksandrovich Kuzubov"]
[Black "Jan-Krzysztof Duda"]
[WhiteElo "2699"]
[BlackElo "2717"]
[PlyCount "147"]

1. Nf3 Nf6 2. g3 g6 3. Bg2 Bg7 4. O-O O-O 5. c4 c6 6. d3 d5
7. Qb3 Na6 8. cxd5 cxd5 9. d4 Qb6 10. Qxb6 axb6 11. Nc3 e6
12. Ne5 Nd7 13. f4 Nxe5 14. dxe5 Bd7 15. Rd1 Nc5 16. Be3 Rfc8
17. Bd4 b5 18. b4 Na4 19. Nxa4 bxa4 20. Rac1 a3 21. e4 Ba4
22. Re1 Rc4 23. Bc5 Rxc1 24. Rxc1 d4 25. Bxd4 Bf8 26. Bc5 Rc8
27. Rc3 b6 28. Rxa3 bxc5 29. Rxa4 cxb4 30. Bf1 Rc1 31. Kg2
Rc2+ 32. Kh3 h5 33. Ra8 Kg7 34. Bb5 Rd2 35. Rc8 Rxa2 36. Rc7
Ra8 37. Rb7 Rd8 38. Bd7 Kg8 39. f5 exf5 40. exf5 gxf5 41. Bxf5
Rd5 42. Bc2 Rxe5 43. Bb3 Rf5 44. Kh4 Bc5 45. Rb5 Kg7 46. Kh3
Re5 47. Bc4 f5 48. Kg2 Kf6 49. Kf1 Kg5 50. Be2 f4 51. h4+ Kf5
52. gxf4 Kxf4 53. Rb7 Kg3 54. Rg7+ Kxh4 55. Bc4 Bd4 56. Rg8
Re4 57. Kg2 Rg4+ 58. Kf3 Rxg8 59. Bxg8 Kg5 60. Kg2 Kf4 61. Bb3
Bf6 62. Kh1 Kg3 63. Bc4 h4 64. Bb3 h3 65. Bc4 h2 66. Bb3 Be5
67. Bc4 Kf3 68. Bd5+ Ke3 69. Be6 Kd4 70. Bf7 Kc3 71. Bg8 b3
72. Bxb3 Kxb3 73. Kg2 h1=Q+ 74. Kxh1 1/2-1/2

[Event "World Blitz Championship"]
[Site "Riyadh KSA"]
[Date "2017.12.29"]
[EventDate "2017.12.29"]
[Round "11.34"]
[Result "1-0"]
[White "Jan-Krzysztof Duda"]
[Black "Rinat Jumabayev"]
[WhiteElo "2717"]
[BlackElo "2612"]
[PlyCount "67"]

1. d4 Nf6 2. Nf3 e6 3. Bg5 h6 4. Bh4 d5 5. e3 c5 6. c3 Nbd7
7. Nbd2 Be7 8. Bd3 a6 9. a4 b6 10. O-O O-O 11. Ne5 Nxe5
12. dxe5 Nd7 13. Bg3 f6 14. exf6 Nxf6 15. e4 Qe8 16. Re1 Qf7
17. Nf3 Nxe4 18. Rxe4 dxe4 19. Bxe4 Ra7 20. Ne5 Qf6 21. Bc2
Rd8 22. Qe2 Bb7 23. Re1 Bd6 24. h3 Bxe5 25. Bxe5 Qf7 26. Kh2
Bc6 27. Qg4 Rd2 28. Bg6 Qd7 29. Bxg7 Qxg7 30. Qxe6+ Kh8
31. Qc8+ Qg8 32. Qxc6 Ra8 33. Re7 Rad8 34. Qf6+ 1-0

[Event "World Blitz Championship"]
[Site "Riyadh KSA"]
[Date "2017.12.30"]
[EventDate "2017.12.29"]
[Round "12.24"]
[Result "1/2-1/2"]
[White "Bartosz Socko"]
[Black "Jan-Krzysztof Duda"]
[WhiteElo "2593"]
[BlackElo "2717"]
[PlyCount "110"]

1. d4 Nf6 2. c4 g6 3. Nf3 Bg7 4. g3 c6 5. Bg2 O-O 6. O-O d5
7. Nbd2 a5 8. b3 Bf5 9. Bb2 Na6 10. Ne5 Ne4 11. Nxe4 Bxe4
12. f3 Bf5 13. e4 Be6 14. f4 f6 15. cxd5 cxd5 16. f5 fxe5
17. fxe6 Qb6 18. exd5 Rxf1+ 19. Qxf1 Rf8 20. Qc4 exd4 21. Kh1
Qc5 22. Rd1 Qxc4 23. bxc4 Nc5 24. Bxd4 Bxd4 25. Rxd4 Rf2
26. d6 exd6 27. Rxd6 Kf8 28. Rd5 b6 29. Rd6 Rxa2 30. Bd5 Rb2
31. Rc6 a4 32. Rc7 Re2 33. Rxh7 a3 34. Ra7 a2 35. e7+ Rxe7
36. Rxa2 Re3 37. Kg2 Kg7 38. Rb2 Rb3 39. Rxb3 Nxb3 40. Kf3 b5
41. cxb5 Nd4+ 42. Ke4 Nxb5 43. Ke5 Nc3 44. Bf3 Na4 45. Kd4 Nb6
46. Bg4 Kf6 47. h4 Na4 48. Bd7 Nb6 49. Bh3 Na8 50. Kd5 Nc7+
51. Kd6 Nb5+ 52. Kd5 Nc3+ 53. Kc4 Ne4 54. g4 g5 55. hxg5+ Ke5
1/2-1/2

[Event "World Blitz Championship"]
[Site "Riyadh KSA"]
[Date "2017.12.30"]
[EventDate "2017.12.29"]
[Round "13.27"]
[Result "1/2-1/2"]
[White "Jan-Krzysztof Duda"]
[Black "Ni Hua"]
[WhiteElo "2717"]
[BlackElo "2671"]
[PlyCount "87"]

1. Nf3 d5 2. g3 Bg4 3. Bg2 c6 4. c4 e6 5. cxd5 Bxf3 6. Bxf3
cxd5 7. O-O Nf6 8. d4 Nc6 9. Nc3 Be7 10. b3 O-O 11. Bb2 a6
12. e3 Qa5 13. a3 Rfc8 14. Qe2 b5 15. Rfc1 Qb6 16. Qd1 Rc7
17. Ne2 Rac8 18. Nf4 a5 19. Rc2 Nb8 20. Rac1 Nbd7 21. Be2 b4
22. a4 Ne4 23. Bb5 Ndf6 24. Rxc7 Rxc7 25. Rxc7 Qxc7 26. Qc1
Bd6 27. Qxc7 Bxc7 28. Bd3 g5 29. Ne2 Nd2 30. Nc1 g4 31. Kg2 h5
32. Bc2 Nfe4 33. Nd3 Nf3 34. Bc1 Bd6 35. h3 Kg7 36. hxg4 hxg4
37. Bd1 Neg5 38. Nc5 f5 39. Nd3 Kf6 40. Be2 Ke7 41. Bd1 Kf6
42. Be2 Ke7 43. Bd1 Kf6 44. Be2 1/2-1/2

[Event "World Blitz Championship"]
[Site "Riyadh KSA"]
[Date "2017.12.30"]
[EventDate "2017.12.29"]
[Round "14.26"]
[Result "1-0"]
[White "Yuriy Kryvoruchko"]
[Black "Jan-Krzysztof Duda"]
[WhiteElo "2689"]
[BlackElo "2717"]
[PlyCount "95"]

1. e4 d6 2. d4 Nf6 3. Nc3 g6 4. Be3 c6 5. Qd2 b5 6. Bd3 Nbd7
7. Nf3 Bb7 8. O-O Bg7 9. Bh6 Bxh6 10. Qxh6 e5 11. Ne2 Qe7
12. Rfe1 Ng4 13. Qd2 O-O 14. h3 Ngf6 15. a4 a6 16. c3 Rfe8
17. Ng3 Qf8 18. b4 Rac8 19. Bc2 Nb6 20. Bb3 bxa4 21. Bxa4 Nxa4
22. Rxa4 Nd7 23. Raa1 Rcd8 24. Qe3 f6 25. dxe5 Nxe5 26. Nxe5
Rxe5 27. Qb6 Qe7 28. Ra5 Kg7 29. Rd1 Rb5 30. Rxb5 cxb5 31. f3
Rd7 32. Nf1 d5 33. exd5 Rxd5 34. Rxd5 Bxd5 35. Ne3 Bf7 36. Kf2
Qe5 37. Qd4 Qc7 38. f4 h5 39. g4 hxg4 40. hxg4 Qc6 41. g5 Bb3
42. Ng4 Kf7 43. gxf6 Qc8 44. Nh6+ Ke6 45. f7 Qf8 46. Qb6+ Kd5
47. Qc5+ Qxc5+ 48. bxc5 1-0

[Event "World Blitz Championship"]
[Site "Riyadh KSA"]
[Date "2017.12.30"]
[EventDate "2017.12.29"]
[Round "15.35"]
[Result "1-0"]
[White "Jan-Krzysztof Duda"]
[Black "Alexander Moiseenko"]
[WhiteElo "2717"]
[BlackElo "2667"]
[PlyCount "83"]

1. Nf3 Nf6 2. c4 e6 3. g3 d5 4. Bg2 d4 5. O-O c5 6. d3 Nc6
7. e3 Bd6 8. Na3 O-O 9. exd4 cxd4 10. Nc2 e5 11. Bg5 h6
12. Bxf6 Qxf6 13. Nd2 Qe7 14. Re1 Bf5 15. Bxc6 bxc6 16. Nxd4
Bd7 17. N4f3 c5 18. Ne4 Bc7 19. Nfd2 Bc6 20. Nb3 Bb6 21. Qh5
f5 22. Nc3 Qd6 23. Re3 Rae8 24. Rae1 f4 25. Rxe5 fxg3 26. hxg3
Bf3 27. Qxe8 Rxe8 28. Rxe8+ Kh7 29. R1e3 Bb7 30. R8e6 Qd8
31. Re7 Bc6 32. Nc1 Ba5 33. N1e2 Qb8 34. b3 Qd8 35. f3 Bxc3
36. Nxc3 Qd4 37. Ne2 Qa1+ 38. Kf2 Qxa2 39. Rc7 Ba8 40. Ree7
Kg6 41. Rxg7+ Kh5 42. Rxc5+ 1-0

[Event "World Blitz Championship"]
[Site "Riyadh KSA"]
[Date "2017.12.30"]
[EventDate "2017.12.29"]
[Round "16.28"]
[Result "1/2-1/2"]
[White "Sergey Grigoriants"]
[Black "Jan-Krzysztof Duda"]
[WhiteElo "2561"]
[BlackElo "2717"]
[PlyCount "120"]

1. e4 e6 2. d4 d5 3. Nd2 dxe4 4. Nxe4 Bd7 5. Nf3 Bc6 6. Bd3
Nd7 7. O-O Ngf6 8. Ned2 Be7 9. Re1 O-O 10. b3 b6 11. Bb2 Bb7
12. Nc4 c5 13. Nfe5 cxd4 14. Bxd4 Nc5 15. Bf1 Qc7 16. Qc1 Rad8
17. Qb2 b5 18. Ne3 a6 19. a4 b4 20. a5 Qb8 21. N3c4 Nce4
22. Rad1 Nc3 23. Bxc3 bxc3 24. Qxc3 Ne4 25. Rxd8 Rxd8 26. Qf3
f6 27. Nd3 Rd4 28. Qh3 f5 29. Qe3 Bf6 30. f3 Qd8 31. fxe4 Rxc4
32. e5 Re4 33. Qc5 Rxe1 34. Nxe1 Be7 35. Qc3 Qd5 36. Nd3 Kf7
37. b4 g5 38. Nc5 Ba8 39. Nxa6 Qe4 40. Nc7 Bxb4 41. Qc4 Qxe5
42. Nxa8 Bxa5 43. Kh1 Kf6 44. Qe2 Qd4 45. Qc4 Qe3 46. Nc7 Bb6
47. Qxe6+ Qxe6 48. Nxe6 Kxe6 49. Bd3 g4 50. g3 h5 51. Kg2 Kf6
52. c4 Bc5 53. Bc2 Kg5 54. Bd3 f4 55. gxf4+ Kxf4 56. h3 gxh3+
57. Kxh3 Be7 58. Be2 h4 59. c5 Bxc5 60. Kxh4 Ke5 1/2-1/2

[Event "World Blitz Championship"]
[Site "Riyadh KSA"]
[Date "2017.12.30"]
[EventDate "2017.12.29"]
[Round "17.27"]
[Result "0-1"]
[White "Jan-Krzysztof Duda"]
[Black "Aleksandr Rakhmanov"]
[WhiteElo "2717"]
[BlackElo "2653"]
[PlyCount "78"]

1. d4 Nf6 2. Nf3 g6 3. Bg5 Bg7 4. Nbd2 O-O 5. c3 d6 6. e4 h6
7. Bh4 Nc6 8. Bc4 e5 9. dxe5 dxe5 10. Qc2 Qe8 11. Bxf6 Bxf6
12. h4 h5 13. Nf1 Bg4 14. Ne3 Bxf3 15. gxf3 Ne7 16. O-O-O Rd8
17. Rdg1 Bg7 18. Qb3 b6 19. Kb1 c6 20. a4 Kh7 21. Qc2 Bf6
22. Ka1 a5 23. Bb3 b5 24. axb5 cxb5 25. Nd5 Nxd5 26. Bxd5 Qe7
27. Rg2 b4 28. c4 Rc8 29. Kb1 Rc7 30. Rhg1 Rg8 31. f4 exf4
32. e5 Bxe5 33. Rg5 b3 34. Rxh5+ Kg7 35. Qd3 Bf6 36. Rf5 Re8
37. Qxb3 a4 38. Qxa4 Rb8 39. b4 Rxb4+ 0-1

[Event "World Blitz Championship"]
[Site "Riyadh KSA"]
[Date "2017.12.30"]
[EventDate "2017.12.29"]
[Round "18.34"]
[Result "1-0"]
[White "Jan-Krzysztof Duda"]
[Black "Pavel Ponkratov"]
[WhiteElo "2717"]
[BlackElo "2613"]
[PlyCount "79"]

1. Nf3 c5 2. g3 Nc6 3. Bg2 e5 4. c4 g6 5. Nc3 Bg7 6. O-O Nge7
7. Ne1 d6 8. Nc2 O-O 9. Ne3 Rb8 10. a3 a6 11. b4 cxb4 12. axb4
Nxb4 13. Ba3 a5 14. Rb1 Nec6 15. Ned5 Be6 16. Bxb4 axb4
17. Nb5 Kh8 18. d3 Qd7 19. Nxb4 Nxb4 20. Rxb4 d5 21. cxd5 Bxd5
22. Bxd5 Qxd5 23. Qb3 Qd7 24. Nc3 f5 25. Rb1 Rf7 26. Rb6 Qc7
27. Nd5 Qd7 28. Qb5 e4 29. Qxd7 Rxd7 30. dxe4 fxe4 31. R6b5 h6
32. h4 Kh7 33. Kg2 Be5 34. R1b4 Bg7 35. Rxe4 Rbd8 36. Nf4 Rc8
37. Re6 Bf8 38. Nxg6 Bd6 39. h5 Bc5 40. Rxc5 1-0

[Event "World Blitz Championship"]
[Site "Riyadh KSA"]
[Date "2017.12.30"]
[EventDate "2017.12.29"]
[Round "19.25"]
[Result "1/2-1/2"]
[White "Andrey Esipenko"]
[Black "Jan-Krzysztof Duda"]
[WhiteElo "2564"]
[BlackElo "2717"]
[PlyCount "76"]

1. d4 Nf6 2. Bf4 d6 3. e3 g6 4. h3 Bg7 5. Nf3 b6 6. Nbd2 Bb7
7. Bh2 c5 8. c3 Nbd7 9. Bd3 a6 10. a4 O-O 11. O-O Qc7 12. Qe2
Rfe8 13. e4 e5 14. dxe5 Nxe5 15. Bxe5 dxe5 16. b4 Bf8 17. b5
a5 18. Nc4 Rad8 19. Bc2 Nh5 20. g3 Bh6 21. Rad1 Bc8 22. Kg2
Be6 23. Nh2 Nf6 24. Ng4 Nxg4 25. hxg4 Bxc4 26. Qxc4 Rxd1
27. Rxd1 Rd8 28. Rd5 Bf8 29. Bb3 Rxd5 30. Qxd5 c4 31. Bxc4 Kg7
32. Bb3 h6 33. Kf1 Bc5 34. Ke2 Qe7 35. f3 Qf6 36. Qd7 Qe7
37. Qd2 Qg5 38. Qxg5 hxg5 1/2-1/2

[Event "World Blitz Championship"]
[Site "Riyadh KSA"]
[Date "2017.12.30"]
[EventDate "2017.12.29"]
[Round "20.28"]
[Result "0-1"]
[White "Jan-Krzysztof Duda"]
[Black "Sergei Zhigalko"]
[WhiteElo "2717"]
[BlackElo "2641"]
[PlyCount "50"]

1. Nf3 d5 2. g3 c6 3. c4 Nf6 4. Bg2 Bg4 5. Ne5 Be6 6. O-O Nbd7
7. cxd5 Bxd5 8. Nf3 e5 9. Nc3 Bd6 10. d3 O-O 11. e4 Be6 12. d4
Bc4 13. Re1 Re8 14. b3 Ba6 15. Bb2 exd4 16. Nxd4 Ne5 17. Nf5
Nd3 18. Nxd6 Qxd6 19. e5 Qc5 20. Re3 Nxb2 21. Qc2 Ng4 22. Re4
Nxf2 23. b4 Nh3+ 24. Kh1 Qf2 25. Rc1 Bd3 0-1

[Event "World Blitz Championship"]
[Site "Riyadh KSA"]
[Date "2017.12.30"]
[EventDate "2017.12.29"]
[Round "21.34"]
[Result "0-1"]
[White "Jorden van Foreest"]
[Black "Jan-Krzysztof Duda"]
[WhiteElo "2629"]
[BlackElo "2717"]
[PlyCount "80"]

1. e4 e6 2. b3 d5 3. Bb2 Nf6 4. exd5 exd5 5. Nf3 Be7 6. Be2
O-O 7. O-O Re8 8. Re1 Nbd7 9. d3 Nf8 10. Nbd2 Ng6 11. Bf1 a5
12. Ne5 a4 13. Nxg6 hxg6 14. Nf3 a3 15. Bc3 c5 16. b4 d4
17. Bd2 cxb4 18. Rb1 Be6 19. Rxe6 fxe6 20. Bxb4 Bxb4 21. Rxb4
e5 22. Rxb7 Qd5 23. Rb3 Reb8 24. Nd2 Rxb3 25. cxb3 Qe6 26. Nc4
Nd5 27. Qf3 Rf8 28. Qg3 e4 29. dxe4 Qxe4 30. Ne5 Rf6 31. Nd7
Re6 32. Nc5 Qe5 33. Nxe6 Qxe6 34. h3 Qe1 35. Qd3 Nf4 36. Qc4+
Kh7 37. Kh2 Qxf2 38. b4 d3 39. Qc1 Ne2 40. Qc5 Qxf1 0-1

[Event "Tradewise Gibraltar"]
[Site "Catalan Bay GIB"]
[Date "2018.02.01"]
[EventDate "2018.01.23"]
[Round "10.5"]
[Result "1/2-1/2"]
[White "Abhijeet Gupta"]
[Black "Jan-Krzysztof Duda"]
[WhiteElo "2610"]
[BlackElo "2724"]
[PlyCount "60"]

1. d4 Nf6 2. c4 e6 3. Nc3 Bb4 4. e3 O-O 5. Ne2 Re8 6. a3 Bf8
7. Ng3 d5 8. Be2 b6 9. O-O Ba6 10. b3 Nc6 11. cxd5 Bxe2
12. Ncxe2 exd5 13. Qc2 Qd7 14. Bd2 Bd6 15. Rfc1 Ne7 16. Bb4
Rac8 17. Bxd6 cxd6 18. Qd3 g6 19. Nc3 Rc6 20. Nge2 Rec8 21. h3
h5 22. a4 Kg7 23. Nb5 h4 24. Rxc6 Nxc6 25. Rc1 Ne4 26. Qd1 a6
27. Nbc3 Nb4 28. f3 Nxc3 29. Rxc3 Rxc3 30. Nxc3 Qf5 1/2-1/2

[Event "Bundesliga 2017/18"]
[Site "Hockenheim GER"]
[Date "2018.02.24"]
[EventDate "2017.10.21"]
[Round "9.5"]
[Result "1/2-1/2"]
[White "Jan-Krzysztof Duda"]
[Black "Ruslan Ponomariov"]
[WhiteElo "2706"]
[BlackElo "2687"]
[PlyCount "89"]

1. Nf3 Nf6 2. c4 e6 3. g3 b6 4. Bg2 Bb7 5. d4 Be7 6. O-O O-O
7. Nc3 Ne4 8. Bd2 Nxd2 9. Qxd2 d6 10. b4 Nd7 11. Qd3 g6 12. b5
Bf6 13. Rfd1 a6 14. a4 c5 15. bxc6 Bxc6 16. Ne4 Bxe4 17. Qxe4
Qc7 18. Nd2 Rab8 19. e3 Rfc8 20. Qd3 Bd8 21. Rdc1 Nf6 22. Bh3
Qe7 23. d5 Nd7 24. dxe6 fxe6 25. Ne4 Nc5 26. Nxc5 Rxc5 27. Rd1
Bc7 28. Ra2 Kf7 29. Qe4 Re5 30. Qf3+ Kg7 31. Rd4 Rh5 32. Bg4
Rc5 33. h4 e5 34. Rdd2 Rxc4 35. Rac2 Rc5 36. Rxc5 bxc5 37. Qc6
Rb6 38. Qd5 a5 39. Kg2 Rb4 40. Be2 Qf7 41. Qc6 Rb6 42. Qe4 Rb4
43. Qc6 Rb6 44. Qe4 Rb4 45. Qc6 1/2-1/2

[Event "Bundesliga 2017/18"]
[Site "Hockenheim GER"]
[Date "2018.02.25"]
[EventDate "2017.10.21"]
[Round "10.5"]
[Result "1/2-1/2"]
[White "Andrei Volokitin"]
[Black "Jan-Krzysztof Duda"]
[WhiteElo "2623"]
[BlackElo "2706"]
[PlyCount "74"]

1. e4 c5 2. Nf3 d6 3. d4 cxd4 4. Nxd4 Nf6 5. Nc3 a6 6. h3 e6
7. g4 d5 8. Nde2 Nxe4 9. Nxe4 dxe4 10. Qxd8+ Kxd8 11. Be3 Bb4+
12. c3 Bd6 13. O-O-O Kc7 14. Bg2 Bd7 15. Rd2 Be5 16. Rhd1 Bc6
17. Nd4 Bxd4 18. Rxd4 e5 19. Rc4 b5 20. Rc5 Nd7 21. Rxc6+ Kxc6
22. Bxe4+ Kc7 23. Bxa8 Rxa8 24. g5 Re8 25. Kc2 Kc6 26. Rg1 Re7
27. Rg4 f5 28. gxf6 Nxf6 29. Rh4 h6 30. c4 e4 31. b3 bxc4
32. bxc4 Re6 33. Bd4 Rd6 34. Be5 Re6 35. Bd4 Rd6 36. Be5 Re6
37. Bd4 Rd6 1/2-1/2

[Event "French Team Championship"]
[Site "Brest FRA"]
[Date "2018.05.27"]
[EventDate "2018.05.26"]
[Round "2.2"]
[Result "1/2-1/2"]
[White "Jan-Krzysztof Duda"]
[Black "Hichem Hamdouchi"]
[WhiteElo "2724"]
[BlackElo "2580"]
[PlyCount "38"]

1. e4 c5 2. Nf3 g6 3. d4 cxd4 4. Nxd4 Nc6 5. c4 Nf6 6. Nc3 d6
7. Nc2 Bg7 8. Be2 O-O 9. O-O Nd7 10. Bd2 a5 11. Re1 Nc5
12. Bf1 Nb4 13. Bg5 Bxc3 14. bxc3 Nxc2 15. Qxc2 f6 16. Bh6 Re8
17. h4 Be6 18. Rad1 Qc7 19. f4 Kh8 1/2-1/2

[Event "French Team Championship"]
[Site "Brest FRA"]
[Date "2018.05.29"]
[EventDate "2018.05.26"]
[Round "4.5"]
[Result "1/2-1/2"]
[White "Jan-Krzysztof Duda"]
[Black "Jules Moussard"]
[WhiteElo "2724"]
[BlackElo "2570"]
[PlyCount "79"]

1. e4 g6 2. d4 Bg7 3. c4 d6 4. Nc3 e5 5. Nge2 Nd7 6. d5 a5
7. h4 h5 8. Bg5 Bf6 9. Qd2 Nc5 10. f3 Bd7 11. O-O-O Bxg5
12. hxg5 f6 13. gxf6 Qxf6 14. Kb1 Ne7 15. Qe3 h4 16. g3 hxg3
17. Rxh8+ Qxh8 18. Nb5 O-O-O 19. Qg5 Qg7 20. Nxg3 Rh8 21. Be2
Rh7 22. Rg1 Qh6 23. Qxh6 Rxh6 24. Nc3 Kd8 25. Kc2 a4 26. Kd2
Ke8 27. Nh1 Rh2 28. Ke3 Na6 29. Nf2 a3 30. bxa3 Kf7 31. Rb1 b6
32. Rh1 Rh5 33. Bf1 Rxh1 34. Nxh1 Kf6 35. Kf2 Kg5 36. Kg3 Ng8
37. Nf2 Nf6 38. Bh3 Nh5+ 39. Kh2 Be8 40. Bc8 1/2-1/2

[Event "French Team Championship"]
[Site "Brest FRA"]
[Date "2018.05.30"]
[EventDate "2018.05.26"]
[Round "5.1"]
[Result "0-1"]
[White "Kacper Piorun"]
[Black "Jan-Krzysztof Duda"]
[WhiteElo "2633"]
[BlackElo "2724"]
[PlyCount "98"]

1. e4 d6 2. d4 Nf6 3. Nc3 g6 4. f4 Bg7 5. Nf3 c5 6. Bb5+ Bd7
7. Bxd7+ Nbxd7 8. d5 O-O 9. O-O b5 10. Qe1 b4 11. Nd1 Re8
12. e5 Nxd5 13. e6 Nf8 14. exf7+ Kxf7 15. Ng5+ Kg8 16. Ne6 Qd7
17. Nxg7 Kxg7 18. b3 Qf5 19. c4 bxc3 20. Nxc3 Nb4 21. Ne4 Kg8
22. Qe2 Ne6 23. Bb2 Nc6 24. Ng3 Ned4 25. Qe3 Qe6 26. Qd2 Rf8
27. Rae1 Qd5 28. Rf2 Rf7 29. Ref1 Raf8 30. h3 e5 31. fxe5 Qxe5
32. Rxf7 Rxf7 33. Rxf7 Kxf7 34. Nf1 Ke6 35. Ne3 Qf4 36. Qe1
Ne5 37. Nc4 Kd5 38. Nxe5 Qxe5 39. Qd2 Qe2 40. Qc1 Nf5 41. Bc3
Ne3 42. Qd2+ Qxd2 43. Bxd2 Ke4 44. Kf2 Nf5 45. g4 Nd4 46. Bh6
Ne6 47. h4 Kd3 48. Be3 d5 49. Kf3 Kc2 0-1

[Event "French Team Championship"]
[Site "Brest FRA"]
[Date "2018.05.31"]
[EventDate "2018.05.26"]
[Round "6.6"]
[Result "1/2-1/2"]
[White "Sebastien Maze"]
[Black "Jan-Krzysztof Duda"]
[WhiteElo "2615"]
[BlackElo "2724"]
[PlyCount "42"]

1. e4 c5 2. Nf3 e6 3. d4 cxd4 4. Nxd4 Nf6 5. Nc3 d6 6. g4 h6
7. h4 Nc6 8. Rg1 d5 9. exd5 Nxd5 10. Nxd5 exd5 11. Be3 Qxh4
12. Qf3 Nxd4 13. Bxd4 Qe7+ 14. Be2 Qe4 15. Qc3 Be6 16. f3 Qf4
17. Be5 Qa4 18. b3 Qb4 19. Bxg7 Rg8 20. Bd4 Qxc3+ 21. Bxc3 h5
1/2-1/2

[Event "French Team Championship"]
[Site "Brest FRA"]
[Date "2018.06.01"]
[EventDate "2018.05.26"]
[Round "7.1"]
[Result "1-0"]
[White "Jan-Krzysztof Duda"]
[Black "Pavel Eljanov"]
[WhiteElo "2724"]
[BlackElo "2702"]
[PlyCount "73"]

1. c4 Nf6 2. Nc3 e5 3. Nf3 Nc6 4. e3 Bb4 5. Qc2 d6 6. a3 Bxc3
7. Qxc3 Bg4 8. b4 O-O 9. Bb2 Re8 10. h3 Bxf3 11. gxf3 d5
12. O-O-O d4 13. Qc2 Qd7 14. Rg1 Rad8 15. b5 Ne7 16. f4 d3
17. Qb3 Ne4 18. Bg2 Qf5 19. fxe5 Ng6 20. f4 c6 21. Bf3 h5
22. Qb4 c5 23. Qb3 Nh4 24. Bxe4 Qxe4 25. e6 Rxe6 26. Rxg7+ Kf8
27. Rg5 Nf5 28. Rxh5 Ke7 29. Kb1 Rg8 30. Qa4 a6 31. bxa6 bxa6
32. Qb3 Rd8 33. Ka1 Rd7 34. Rb1 Nd6 35. Rxc5 Rb7 36. Qc3 f6
37. Rd5 1-0

[Event "French Team Championship"]
[Site "Brest FRA"]
[Date "2018.06.03"]
[EventDate "2018.05.26"]
[Round "9.2"]
[Result "1-0"]
[White "Jan-Krzysztof Duda"]
[Black "Yuri Aleksandrovich Kuzubov"]
[WhiteElo "2724"]
[BlackElo "2663"]
[PlyCount "95"]

1. Nf3 d5 2. c4 d4 3. b4 g6 4. g3 Bg7 5. d3 e5 6. Bg2 Ne7
7. O-O O-O 8. a4 a5 9. b5 c5 10. Ra2 Nf5 11. e3 dxe3 12. fxe3
Be6 13. Nc3 Nd6 14. e4 h6 15. Be3 Nd7 16. Qd2 Kh7 17. Nh4 Qc8
18. Qc1 Nf6 19. b6 Ng4 20. Bd2 f5 21. exf5 gxf5 22. Nd5 e4
23. Bf4 Ne5 24. dxe4 Nxe4 25. Bxe4 fxe4 26. Qe1 Nf3+ 27. Nxf3
exf3 28. Qe4+ Bf5 29. Qxf3 Bd4+ 30. Be3 Bd3 31. Qxf8 Qxf8
32. Rxf8 Rxf8 33. Bxd4 Bxc4 34. Rc2 Bxd5 35. Rxc5 Be6 36. Be5
Rf5 37. Rxa5 Bd7 38. Rc5 Bxa4 39. Rc7+ Kg8 40. Bf4 Rf7
41. Bxh6 Bc6 42. Bf4 Rd7 43. Kf2 Kf7 44. Ke3 Ke6 45. h4 Re7
46. h5 Kf7+ 47. Be5 Rxc7 48. bxc7 1-0

[Event "French Team Championship"]
[Site "Brest FRA"]
[Date "2018.06.04"]
[EventDate "2018.05.26"]
[Round "10.6"]
[Result "1/2-1/2"]
[White "Alexander Riazantsev"]
[Black "Jan-Krzysztof Duda"]
[WhiteElo "2662"]
[BlackElo "2724"]
[PlyCount "34"]

1. d4 d5 2. c4 c6 3. Nc3 Nf6 4. e3 e6 5. Nf3 Nbd7 6. Bd3 dxc4
7. Bxc4 b5 8. Bd3 b4 9. Ne4 Nxe4 10. Bxe4 Bb7 11. O-O Rc8
12. b3 Be7 13. Bb2 Nf6 14. Bd3 O-O 15. Qe2 c5 16. Ba6 Bxa6
17. Qxa6 Qb6 1/2-1/2

[Event "Dortmund Sparkassen"]
[Site "Dortmund GER"]
[Date "2018.07.15"]
[EventDate "2018.07.14"]
[Round "2"]
[Result "0-1"]
[White "Liviu Dieter Nisipeanu"]
[Black "Jan-Krzysztof Duda"]
[WhiteElo "2672"]
[BlackElo "2737"]
[PlyCount "64"]

1. e4 c5 2. Nf3 d6 3. Bb5+ Bd7 4. Bxd7+ Qxd7 5. O-O Nf6 6. Re1
Nc6 7. c3 e6 8. d4 cxd4 9. cxd4 d5 10. e5 Ng8 11. a3 Nge7
12. Nc3 h5 13. Bg5 Nf5 14. Rc1 Be7 15. Bxe7 Qxe7 16. Qd3 O-O-O
17. Na4 Kb8 18. Nc5 g5 19. Rc3 g4 20. Nd2 Ncxd4 21. Rec1 Rc8
22. Nf1 Rc6 23. Ng3 Ka8 24. Nxf5 Nxf5 25. b4 Rhc8 26. a4 b6
27. Nb3 Rxc3 28. Rxc3 Rxc3 29. Qxc3 Kb7 30. a5 Qd7 31. Nd4
Nxd4 32. Qxd4 Qc7 0-1